[Event "1st OHRA Open"]
[Site "Amsterdam NED"]
[Date "1982.07.13"]
[Round "6"]
[White "Hess, Ralf"]
[Black "Meulders, Richard"]
[Result "1-0"]
[WhiteElo "2370"]
[BlackElo "2350"]
[EventDate "1982.07.07"]
[PlyCount "69"]

1.c4 f5 2.Nf3 Nf6 3.g3 g6 4.Bg2 Bg7 5.O-O O-O 6.Nc3 d6 7.Rb1 a5 8.a3 e5 9.
d3 Kh8 10.Bd2 c6 11.b4 axb4 12.axb4 Na6 13.b5 Nc5 14.Qc2 f4 15.bxc6 bxc6 
16.gxf4 Nh5 17.fxe5 dxe5 18.Be3 Ne6 19.Bb6 Qe7 20.e3 Ng5 21.Nxg5 Qxg5 22.
Ne4 Qh4 23.Bc5 Rf5 24.Ra1 Rxa1 25.Rxa1 Bf8 26.Ra8 Bxc5 27.Nxc5 Rf8 28.Nd7 
Re8 29.Nxe5 Nf6 30.Qc3 Qh5 31.Nf3 Qf5 32.Ra5 c5 33.Rxc5 Qxc5 34.Qxf6+ Kg8 
35.Ng5 1-0

[Event "1st OHRA Open"]
[Site "Amsterdam NED"]
[Date "1982.07.14"]
[Round "7"]
[White "Ree, Hans"]
[Black "Van Wijgerden, Cornelis"]
[Result "1/2-1/2"]
[WhiteElo "2490"]
[BlackElo "2425"]
[EventDate "1982.07.07"]
[PlyCount "100"]

1.d4 d6 2.c4 f5 3.Nc3 Nf6 4.Bg5 e6 5.e4 fxe4 6.Nxe4 Be7 7.Nc3 O-O 8.Nf3 
Nc6 9.Bd3 Nh5 10.Bxe7 Qxe7 11.O-O Nf4 12.Re1 Qf6 13.Be4 Bd7 14.Qd2 Rae8 
15.d5 Nd8 16.dxe6 Ndxe6 17.Nd5 Qh6 18.Nxf4 Nxf4 19.Bd5+ Kh8 20.Rxe8 Rxe8 
21.Re1 Rxe1+ 22.Qxe1 Qg6 23.Nd2 Nxd5 24.cxd5 Qg5 25.Nf1 Qxd5 26.Qe7 Bc6 
27.Qd8+ Qg8 28.Qxc7 Qxa2 29.Qxd6 a6 30.h3 h6 31.Qd8+ Qg8 32.Qe7 Qd5 33.Ne3
Qe4 34.Qd8+ Kh7 35.Qd2 Be8 36.Qc3 Qc6 37.Qd4 Bg6 38.Nd5 Qd6 39.f4 Kh8 40.
Qb6 Qxb6+ 41.Nxb6 Kg8 42.Kf2 Be4 43.g4 Kf7 44.f5 Kf6 45.Nd7+ Ke7 46.Nc5 
Bd5 47.Ke3 Kd6 48.Kd4 a5 49.h4 b6 50.Nd3 b5 1/2-1/2

[Event "1st OHRA Open"]
[Site "Amsterdam NED"]
[Date "1982.07.14"]
[Round "7"]
[White "Kuijf, Hans"]
[Black "Hess, Ralf"]
[Result "1-0"]
[WhiteElo "2310"]
[BlackElo "2370"]
[EventDate "1982.07.07"]
[PlyCount "89"]

1.e4 e5 2.Nf3 Nc6 3.Bb5 a6 4.Bxc6 bxc6 5.O-O d6 6.d4 exd4 7.Qxd4 Ne7 8.Nc3
f6 9.Be3 Ng6 10.Rad1 Bd7 11.Qc4 Be7 12.h4 h5 13.Ne2 Qc8 14.Nf4 Nxf4 15.
Bxf4 c5 16.Rfe1 Be6 17.Qe2 O-O 18.Nh2 Bf7 19.Nf1 Qb7 20.b3 Rfe8 21.Ng3 g6 
22.Bc1 Bf8 23.Bb2 Bg7 24.f4 d5 25.Qf3 Rad8 26.exd5 Rxe1+ 27.Rxe1 Qxd5 28.
Qxd5 Rxd5 29.Ne4 Rf5 30.g3 c4 31.Rd1 Rd5 32.Rxd5 Bxd5 33.Nc5 cxb3 34.cxb3 
a5 35.Bc3 Bf8 36.Nd7 Bc6 37.Nxf8 Kxf8 38.Bxa5 Ke7 39.Bxc7 Ke6 40.Kf2 Kf5 
41.Ke3 Kg4 42.Bd8 Kxg3 43.Bxf6 Kg4 44.Bg5 Kf5 45.Kd4 1-0

[Event "1st OHRA Open"]
[Site "Amsterdam NED"]
[Date "1982.07.14"]
[Round "7"]
[White "Ligterink, Gert"]
[Black "Bohm, Hans"]
[Result "1/2-1/2"]
[WhiteElo "2465"]
[BlackElo "2385"]
[EventDate "1982.07.07"]
[PlyCount "40"]

1.d4 f5 2.c4 e6 3.Nc3 Nf6 4.e3 d5 5.f4 c6 6.Nf3 Be7 7.Bd3 O-O 8.O-O Bd7 9.
Ne5 Be8 10.Bd2 Nbd7 11.cxd5 Nxe5 12.fxe5 Nxd5 13.Qe2 Bg6 14.Bc4 Qd7 15.
Rac1 Rac8 16.Bb3 Kh8 17.Kh1 Bg5 18.Bc4 Nb6 19.Bb3 Nd5 20.Bc4 Nb6 1/2-1/2

[Event "1st OHRA Open"]
[Site "Amsterdam NED"]
[Date "1982.07.14"]
[Round "7"]
[White "Van der Sterren, Paul"]
[Black "Short, Nigel David"]
[Result "0-1"]
[WhiteElo "2465"]
[BlackElo "2485"]
[EventDate "1982.07.07"]
[PlyCount "70"]

1.e4 e6 2.d4 d5 3.Nc3 Bb4 4.e5 Ne7 5.a3 Bxc3+ 6.bxc3 c5 7.a4 Bd7 8.Nf3 Qa5
9.Qd2 Nbc6 10.Bd3 O-O-O 11.O-O c4 12.Be2 f5 13.Ba3 h6 14.h4 Rdg8 15.Rfb1 
b6 16.Bd6 g6 17.Ne1 Kd8 18.Nf3 Ke8 19.g3 Nd8 20.Qc1 Nec6 21.Qe3 Qa6 22.Ne1
Nf7 23.Ba3 g5 24.Ng2 Kd8 25.Bh5 Be8 26.a5 b5 27.Qc1 Nfxe5 28.Bxe8 Nf3+ 29.
Kh1 Rxe8 30.Qe3 g4 31.Nf4 Kc8 32.Bc5 Nb8 33.Rb2 e5 34.Nxd5 Qb7 35.Nf6 Re6 
0-1

[Event "1st OHRA Open"]
[Site "Amsterdam NED"]
[Date "1982.07.14"]
[Round "7"]
[White "Kuijf, Marinus"]
[Black "Iskov, Gert"]
[Result "1-0"]
[WhiteElo "2370"]
[BlackElo "2345"]
[EventDate "1982.07.07"]
[PlyCount "73"]

1.e4 c5 2.Nf3 d6 3.d4 cxd4 4.Nxd4 Nf6 5.Nc3 a6 6.Be3 e6 7.a4 b6 8.f4 Bb7 
9.Bd3 Nbd7 10.O-O Be7 11.Qf3 O-O 12.Qh3 Nc5 13.e5 dxe5 14.fxe5 Nxd3 15.
exf6 Bxf6 16.Rxf6 Qxf6 17.cxd3 Qg6 18.Rd1 Rfd8 19.Rd2 b5 20.a5 Rac8 21.
Nde2 e5 22.Bb6 Rf8 23.b4 f5 24.Bc5 Rf6 25.d4 Qg5 26.Rd3 Rg6 27.d5 Rd8 28.
Rd1 Bc8 29.Qf3 f4 30.Ne4 Qh6 31.Nf2 e4 32.Qxf4 e3 33.Bxe3 Bb7 34.Qxh6 gxh6
35.Nf4 Rf6 36.Ng4 Rfd6 37.Bc5 1-0

[Event "1st OHRA Open"]
[Site "Amsterdam NED"]
[Date "1982.07.14"]
[Round "7"]
[White "Said, Said Ahmed"]
[Black "Van Baarle, John"]
[Result "1/2-1/2"]
[WhiteElo "2395"]
[BlackElo "2315"]
[EventDate "1982.07.07"]
[PlyCount "80"]

1.d4 Nf6 2.c4 e6 3.Nf3 d5 4.Nc3 c5 5.cxd5 Nxd5 6.Nxd5 Qxd5 7.dxc5 Qxd1+ 8.
Kxd1 Bxc5 9.e3 Nc6 10.Bd2 f6 11.Bc3 Ke7 12.Bb5 Bd7 13.Ke2 e5 14.Bc4 Rac8 
15.a3 a6 16.Bd5 b5 17.Rhd1 Rhd8 18.Rac1 Bb6 19.Rc2 Be6 20.Rcd2 Bxd5 21.
Rxd5 Rxd5 22.Rxd5 Ke6 23.e4 Ba5 24.Rc5 Bb6 25.Rd5 g5 26.Nd2 Bd4 27.Nb3 
Bxc3 28.bxc3 Ne7 29.Rc5 Kd6 30.Rxc8 Nxc8 31.Kd3 Nb6 32.Na5 Na4 33.Kc2 Nc5 
34.f3 g4 35.c4 gxf3 36.gxf3 Ne6 37.cxb5 axb5 38.Nb3 Nd8 39.Na5 Kc5 40.Kc3 
Ne6 1/2-1/2

[Event "1st OHRA Open"]
[Site "Amsterdam NED"]
[Date "1982.07.14"]
[Round "7"]
[White "Kuligowski, Adam"]
[Black "Sosonko, Gennadi"]
[Result "0-1"]
[WhiteElo "2450"]
[BlackElo "2575"]
[EventDate "1982.07.07"]
[PlyCount "60"]

1.c4 e5 2.e3 Nf6 3.a3 c6 4.Nf3 e4 5.Nd4 g6 6.Nc3 Bg7 7.Qc2 Qe7 8.b4 O-O 9.
Bb2 d5 10.cxd5 cxd5 11.Be2 Nbd7 12.O-O Ne5 13.Ncb5 Bg4 14.Qc7 Qxc7 15.Nxc7
Rac8 16.Bxg4 Rxc7 17.Nb5 Re7 18.Be2 a6 19.Nd6 Ne8 20.Nxe8 Rfxe8 21.b5 axb5
22.Bxb5 Rc8 23.Rab1 Ng4 24.Bxg7 Kxg7 25.Ba4 Ne5 26.Rb5 d4 27.exd4 Nd3 28.
g3 Rc4 29.Bb3 Rxd4 30.Bd5 Re5 0-1

[Event "1st OHRA Open"]
[Site "Amsterdam NED"]
[Date "1982.07.14"]
[Round "7"]
[White "Donner, Jan"]
[Black "Pliester, Leon"]
[Result "1/2-1/2"]
[WhiteElo "2430"]
[BlackElo "2300"]
[EventDate "1982.07.07"]
[PlyCount "46"]

1.d4 d5 2.c4 e6 3.Nc3 c6 4.Nf3 dxc4 5.a4 Bb4 6.e3 b5 7.Bd2 a5 8.axb5 Bxc3 
9.Bxc3 cxb5 10.d5 Nf6 11.dxe6 Qxd1+ 12.Kxd1 Ne4 13.Be1 Nc6 14.Nd4 Nxd4 15.
exf7+ Kxf7 16.exd4 Rd8 17.f3 Rxd4+ 18.Ke2 Nc5 19.Rxa5 Rxa5 20.Bxa5 Na4 21.
Ke3 Rd5 22.Bc3 Nxc3 23.bxc3 Bf5 1/2-1/2

[Event "1st OHRA Open"]
[Site "Amsterdam NED"]
[Date "1982.07.14"]
[Round "7"]
[White "Boersma, Paulus"]
[Black "Meulders, Richard"]
[Result "1-0"]
[WhiteElo "2355"]
[BlackElo "2350"]
[EventDate "1982.07.07"]
[PlyCount "91"]

1.d4 f5 2.Nc3 d5 3.Bf4 Nf6 4.e3 e6 5.Nf3 Be7 6.Nb5 Na6 7.c4 O-O 8.Be2 c6 
9.Nc3 dxc4 10.Bxc4 Nb4 11.O-O Nbd5 12.Bg5 h6 13.Bxf6 Bxf6 14.Qc2 b5 15.
Nxd5 cxd5 16.Bxb5 Rb8 17.Be2 Qb6 18.b3 Ba6 19.Rfc1 Rfc8 20.Qd2 Kh7 21.g3 
Be7 22.Ne5 Ba3 23.Rxc8 Rxc8 24.Bh5 Qc7 25.g4 f4 26.exf4 Bc1 27.Bg6+ Kh8 
28.Qb4 Bxf4 29.Re1 Rb8 30.Qc5 Qxc5 31.dxc5 Bc8 32.Bf7 Bxe5 33.Rxe5 Bd7 34.
c6 Bxc6 35.Rxe6 Bd7 36.Ra6 Bxg4 37.Rxa7 Rd8 38.Bg6 Be2 39.Re7 Ba6 40.Re8+ 
Rxe8 41.Bxe8 g5 42.a4 Kg7 43.b4 Kf6 44.b5 Bc8 45.Bc6 Ke5 46.b6 1-0

[Event "1st OHRA Open"]
[Site "Amsterdam NED"]
[Date "1982.07.15"]
[Round "8"]
[White "Van Wijgerden, Cornelis"]
[Black "Grunfeld, Yehuda"]
[Result "1-0"]
[WhiteElo "2425"]
[BlackElo "2480"]
[EventDate "1982.07.07"]
[PlyCount "97"]

1.g3 g6 2.Bg2 Bg7 3.d4 d6 4.Nc3 Nc6 5.Nf3 Bg4 6.d5 Nb4 7.a3 Na6 8.Nd4 Qc8 
9.Qd3 Nf6 10.h3 Bd7 11.e4 c5 12.Nde2 O-O 13.g4 Nc7 14.g5 Nfe8 15.h4 b5 16.
h5 b4 17.Nd1 bxa3 18.Qg3 e5 19.Qh4 f5 20.hxg6 hxg6 21.Qh7+ Kf7 22.Rh6 Ke7 
23.Rxg6 f4 24.Rxg7+ Nxg7 25.Qxg7+ Rf7 26.Qh6 Qh8 27.Rxa3 Rh7 28.Qf6+ Qxf6 
29.gxf6+ Kxf6 30.c4 Rh4 31.Bf3 Bc8 32.Nec3 Rh3 33.Ke2 Ba6 34.b3 Rg8 35.Nb1
Bc8 36.Nd2 a6 37.Nb2 Rg1 38.Nd3 Kg5 39.Bb2 Ne8 40.b4 cxb4 41.Nxb4 Nf6 42.
Nd3 Nh5 43.Ra1 Rxa1 44.Bxa1 a5 45.c5 dxc5 46.Nxc5 Nf6 47.Bxe5 a4 48.Nxa4 
Ba6+ 49.Kd1 1-0

[Event "1st OHRA Open"]
[Site "Amsterdam NED"]
[Date "1982.07.15"]
[Round "8"]
[White "Pliester, Leon"]
[Black "Kuijf, Marinus"]
[Result "1-0"]
[WhiteElo "2300"]
[BlackElo "2370"]
[EventDate "1982.07.07"]
[PlyCount "113"]

1.d4 d5 2.c4 e6 3.Nf3 Nf6 4.Nc3 Bb4 5.e3 c5 6.Bd3 cxd4 7.exd4 dxc4 8.Bxc4 
Bxc3+ 9.bxc3 Qc7 10.Qd3 O-O 11.O-O Nbd7 12.Bg5 b6 13.Bb3 Bb7 14.Rfe1 Rac8 
15.Rac1 Rfe8 16.Bh4 Qc6 17.c4 e5 18.d5 Qd6 19.Bg3 Nc5 20.Qf5 Qd7 21.Qxd7 
Nfxd7 22.Bc2 f6 23.h4 g6 24.h5 Kf7 25.Re3 Ba6 26.Ra3 Ra8 27.Nd2 Bc8 28.f4 
e4 29.Bf2 f5 30.hxg6+ hxg6 31.Bd4 Nf6 32.Bxc5 bxc5 33.Ba4 Bd7 34.Bxd7 Nxd7
35.Rb1 Nb6 36.Kf2 g5 37.Ke3 Kg6 38.Rb5 Nd7 39.Ra6+ Nf6 40.Rxc5 gxf4+ 41.
Kxf4 e3 42.Nf3 Re4+ 43.Kg3 Rh8 44.Ne1 Kg5 45.Rcc6 Ng4 46.Nf3+ Kh5 47.Rg6 
f4+ 48.Kh3 Nf2+ 49.Kh2 Ng4+ 50.Kg1 Re5 51.Rxg4 Kxg4 52.Nxe5+ Kf5 53.Nf3 
Rb8 54.Re6 Rb1+ 55.Kh2 Rc1 56.Re5+ Kf6 57.d6 1-0

[Event "1st OHRA Open"]
[Site "Amsterdam NED"]
[Date "1982.07.15"]
[Round "8"]
[White "Borm, Franciscus"]
[Black "Donner, Jan"]
[Result "1-0"]
[WhiteElo "2330"]
[BlackElo "2430"]
[EventDate "1982.07.07"]
[PlyCount "75"]

1.e4 d6 2.d4 Nf6 3.Nc3 g6 4.Nf3 Bg7 5.h3 O-O 6.Be3 c6 7.a4 a5 8.Qd2 Nbd7 
9.O-O-O Qc7 10.Kb1 Re8 11.Be2 e5 12.dxe5 dxe5 13.Bc4 Bf8 14.Ng5 Re7 15.Ba2
h6 16.Nf3 Kh7 17.g4 Ne8 18.Rhg1 Nb8 19.Qd8 Nd7 20.Qxc7 Nxc7 21.Nd2 Kg7 22.
Nc4 Ne6 23.Rd2 Nec5 24.Nd6 Rb8 25.h4 Ne6 26.h5 Ng5 27.Rh1 Nf6 28.Bxg5 hxg5
29.h6+ Kg8 30.Nxf7 Rxf7 31.h7+ Nxh7 32.Bxf7+ Kxf7 33.Rxh7+ Kg8 34.Rh1 Bxg4
35.Rg1 Bf3 36.Rxg5 Bh6 37.Rxg6+ Kh7 38.Rdd6 1-0

[Event "1st OHRA Open"]
[Site "Amsterdam NED"]
[Date "1982.07.15"]
[Round "8"]
[White "Kuijf, Hans"]
[Black "Kuligowski, Adam"]
[Result "1-0"]
[WhiteElo "2310"]
[BlackElo "2450"]
[EventDate "1982.07.07"]
[PlyCount "49"]

1.e4 c5 2.d3 Nc6 3.g3 g6 4.Bg2 Bg7 5.f4 d6 6.Nf3 e5 7.O-O exf4 8.gxf4 Nf6 
9.Nc3 O-O 10.f5 gxf5 11.Bg5 Qb6 12.Qe1 Qxb2 13.Rb1 Qxc2 14.Rf2 Qxd3 15.Bf1
Qxb1 16.Qxb1 Ng4 17.Rg2 Bxc3 18.exf5 h5 19.h3 Bd4+ 20.Nxd4 Nxd4 21.Bf6 
Bxf5 22.Qc1 Kh7 23.hxg4 Be4 24.Bxd4 cxd4 25.Rh2 1-0

[Event "1st OHRA Open"]
[Site "Amsterdam NED"]
[Date "1982.07.15"]
[Round "8"]
[White "Van Mil, Johannes"]
[Black "Said, Said Ahmed"]
[Result "1-0"]
[WhiteElo "2315"]
[BlackElo "2395"]
[EventDate "1982.07.07"]
[PlyCount "99"]

1.e4 c5 2.Nf3 Nc6 3.d4 cxd4 4.Nxd4 Nf6 5.Nc3 d6 6.f4 g6 7.Be2 Bd7 8.Be3 
Bg7 9.Nb3 O-O 10.O-O Rc8 11.Bf3 Qc7 12.Rf2 Rfd8 13.g4 d5 14.exd5 Nb8 15.
Rd2 Kf8 16.Nd4 a6 17.a4 Ne8 18.Nce2 Nd6 19.b3 a5 20.c4 Na6 21.Qe1 Nc5 22.
Rb1 Ra8 23.Nc1 Kg8 24.Nd3 Nde4 25.Nxc5 Nxc5 26.Qf2 Rac8 27.Ne2 Qb6 28.Nc1 
Qd6 29.Nd3 b6 30.h3 h5 31.Kg2 Bh6 32.Qg3 Kh7 33.Ne5 Qf6 34.g5 Qf5 35.gxh6 
Qxb1 36.Nxf7 Bf5 37.Nxd8 Rxd8 38.Bxc5 bxc5 39.Qf2 Qxb3 40.Qxc5 Bxh3+ 41.
Kf2 Rd7 42.Re2 Kxh6 43.d6 exd6 44.Qg5+ Kh7 45.Be4 Qb6+ 46.Kg3 d5 47.Qxh5+ 
Kg7 48.Qxh3 Re7 49.cxd5 Qb3+ 50.Kg2 1-0

[Event "1st OHRA Open"]
[Site "Amsterdam NED"]
[Date "1982.07.15"]
[Round "8"]
[White "Langeweg, Christian"]
[Black "Hess, Ralf"]
[Result "1-0"]
[WhiteElo "2395"]
[BlackElo "2370"]
[EventDate "1982.07.07"]
[PlyCount "77"]

1.d4 Nf6 2.c4 e6 3.Nc3 Bb4 4.e3 c5 5.Bd3 Nc6 6.Ne2 cxd4 7.exd4 O-O 8.O-O 
b6 9.a3 Be7 10.Bf4 d6 11.h3 Bb7 12.d5 exd5 13.cxd5 Ne5 14.Bf5 g6 15.Bc2 
Rc8 16.Bh6 Re8 17.Ba4 Nfd7 18.f4 Nc4 19.Bxd7 Qxd7 20.Qd4 f6 21.b3 Na5 22.
Rab1 Bd8 23.Ng3 Rxc3 24.Qxc3 Bxd5 25.b4 Nc4 26.Rfe1 b5 27.Kh2 Kf7 28.Rxe8 
Qxe8 29.Re1 Qc6 30.Re2 a6 31.Qd3 Nb6 32.Rd2 Bc7 33.Qd4 Qc4 34.Qe3 Qb3 35.
Rd3 Qa2 36.Ne4 g5 37.Qd4 Bxe4 38.Qxe4 d5 39.Qxh7+ 1-0

[Event "1st OHRA Open"]
[Site "Amsterdam NED"]
[Date "1982.07.15"]
[Round "8"]
[White "Van der Vliet, Fredrik"]
[Black "Ligterink, Gert"]
[Result "0-1"]
[WhiteElo "2390"]
[BlackElo "2465"]
[EventDate "1982.07.07"]
[PlyCount "62"]

1.d4 Nf6 2.Nc3 d5 3.Bg5 c6 4.Bxf6 exf6 5.e3 Qb6 6.Rb1 Bb4 7.Qd2 f5 8.Bd3 
Be6 9.a3 Bd6 10.Nf3 Nd7 11.O-O Qc7 12.Ne2 Nf6 13.Qc1 Ne4 14.g3 f6 15.c4 
Qf7 16.b3 O-O 17.c5 Bc7 18.h4 Rae8 19.Kg2 g5 20.Rh1 Qg7 21.h5 Kh8 22.Nfg1 
f4 23.exf4 Bf5 24.Bc2 gxf4 25.Nxf4 Nxg3 26.fxg3 Bxc2 27.Qxc2 Bxf4 28.Ne2 
Re3 29.Rh3 Bc7 30.Rf1 Rfe8 31.Rf2 Qg4 0-1

[Event "1st OHRA Open"]
[Site "Amsterdam NED"]
[Date "1982.07.15"]
[Round "8"]
[White "Iskov, Gert"]
[Black "Boersma, Paulus"]
[Result "0-1"]
[WhiteElo "2345"]
[BlackElo "2355"]
[EventDate "1982.07.07"]
[PlyCount "64"]

1.e4 c6 2.d4 d5 3.Nc3 dxe4 4.Nxe4 Nf6 5.Nxf6+ exf6 6.g3 Qd5 7.Nf3 Bd6 8.
Bg2 O-O 9.O-O Qh5 10.c4 Na6 11.d5 Bg4 12.Bd2 Rad8 13.dxc6 bxc6 14.Qa4 Bxf3
15.Qxa6 Bxg3 16.hxg3 Rxd2 17.Qxa7 Rxb2 18.Rab1 Bxg2 19.Kxg2 Rxb1 20.Rxb1 
Qe5 21.Qe3 Qxe3 22.fxe3 Ra8 23.Kf3 g6 24.Rb6 Rxa2 25.Rxc6 f5 26.c5 Kg7 27.
Rd6 Rc2 28.Rc6 h5 29.Kf4 f6 30.Rc7+ Kh6 31.e4 Rc4 32.Re7 Rxc5 0-1

[Event "1st OHRA Open"]
[Site "Amsterdam NED"]
[Date "1982.07.17"]
[Round "9"]
[White "Hort, Vlastimil"]
[Black "Jussupow, Artur"]
[Result "1/2-1/2"]
[WhiteElo "2600"]
[BlackElo "2555"]
[EventDate "1982.07.07"]
[PlyCount "54"]

1.e4 c5 2.Nf3 e6 3.c3 d5 4.exd5 Qxd5 5.d4 Nf6 6.Be2 cxd4 7.Qxd4 Nc6 8.Qxd5
Nxd5 9.O-O Be7 10.Nbd2 e5 11.Bc4 Nb6 12.Bb3 f6 13.Nc4 Nd7 14.Ne3 Nc5 15.
Bd5 Bd7 16.Rd1 O-O-O 17.b4 Na4 18.Bd2 Nb6 19.Be4 Be6 20.a4 Nc4 21.Nxc4 
Bxc4 22.Be3 Kb8 23.a5 g6 24.g4 Rxd1+ 25.Rxd1 Rd8 26.Rxd8+ Nxd8 27.g5 Ne6 
1/2-1/2

[Event "1st OHRA Open"]
[Site "Amsterdam NED"]
[Date "1982.07.17"]
[Round "9"]
[White "Short, Nigel David"]
[Black "Van Wijgerden, Cornelis"]
[Result "1-0"]
[WhiteElo "2485"]
[BlackElo "2425"]
[EventDate "1982.07.07"]
[PlyCount "85"]

1.e4 g6 2.d4 Bg7 3.Nf3 d6 4.Be2 Nf6 5.Nc3 O-O 6.O-O c6 7.a4 Qc7 8.h3 e5 9.
Re1 Nbd7 10.Be3 exd4 11.Bxd4 Re8 12.Nd2 b6 13.Nc4 Re6 14.f3 Bb7 15.Qd2 a6 
16.Bf1 Rae8 17.Ne3 b5 18.axb5 axb5 19.b4 Nb6 20.Ng4 Nxg4 21.hxg4 Nc8 22.
Ne2 Rd8 23.Bxg7 Kxg7 24.Nd4 Re7 25.Nb3 Ree8 26.Red1 Qe7 27.Qc3+ Qe5 28.
Qxe5+ Rxe5 29.Kf2 Rh8 30.Rd3 Rd8 31.Nc5 Re7 32.e5 d5 33.Rc3 Nb6 34.Ra7 Rb8
35.Rxb7 Rbxb7 36.Nxb7 Rxb7 37.Rxc6 Nc4 38.f4 Ra7 39.Rc5 Ra2 40.Bd3 Na3 41.
f5 Rb2 42.f6+ Kh6 43.e6 1-0

[Event "1st OHRA Open"]
[Site "Amsterdam NED"]
[Date "1982.07.17"]
[Round "9"]
[White "Sosonko, Gennadi"]
[Black "Kuijf, Hans"]
[Result "1-0"]
[WhiteElo "2575"]
[BlackElo "2310"]
[EventDate "1982.07.07"]
[PlyCount "93"]

1.d4 Nf6 2.c4 c5 3.d5 e6 4.Nc3 exd5 5.cxd5 d6 6.Nf3 g6 7.Bf4 Bg7 8.Qa4+ 
Bd7 9.Qb3 Qc7 10.e4 O-O 11.Be2 Re8 12.Nd2 a6 13.a4 Bc8 14.O-O Nbd7 15.Nc4 
Bf8 16.Bf3 h6 17.Rfe1 Ne5 18.Bxe5 dxe5 19.Qb6 Qxb6 20.Nxb6 Rb8 21.Rec1 Nd7
22.Nxc8 Rexc8 23.Bg4 f5 24.exf5 Nf6 25.Bh3 g5 26.g3 c4 27.a5 Bc5 28.Bf1 
Bd4 29.Ra4 Rc5 30.Bxc4 Rbc8 31.b3 Kf8 32.Kg2 Nxd5 33.Nxd5 Rxd5 34.Bxd5 
Rxc1 35.Bxb7 Rc2 36.Kf3 Rxf2+ 37.Ke4 Rb2 38.Bxa6 Rxb3 39.Bc4 Rb2 40.a6 Ba7
41.Kxe5 Rxh2 42.Rb4 Rh1 43.Rb7 Re1+ 44.Kd6 Bf2 45.a7 Bxg3+ 46.Kc6 Re8 47.
Rf7+ 1-0

[Event "1st OHRA Open"]
[Site "Amsterdam NED"]
[Date "1982.07.17"]
[Round "9"]
[White "Ree, Hans"]
[Black "Van der Sterren, Paul"]
[Result "1-0"]
[WhiteElo "2490"]
[BlackElo "2465"]
[EventDate "1982.07.07"]
[PlyCount "93"]

1.d4 Nf6 2.c4 e6 3.Nf3 b6 4.g3 Ba6 5.Nbd2 Bb4 6.Qa4 c5 7.a3 Bxd2+ 8.Bxd2 
cxd4 9.Bg2 Bb7 10.O-O Bc6 11.Qd1 Qc7 12.Nxd4 Bxg2 13.Kxg2 Qxc4 14.Rc1 Qd5+
15.e4 Nxe4 16.Rc8+ Ke7 17.Nf5+ Qxf5 18.Bb4+ d6 19.Rxh8 a5 20.Bc3 f6 21.f4 
Nc5 22.Qf3 d5 23.g4 Qc2+ 24.Rf2 Qe4 25.Qxe4 Nxe4 26.Rc2 h6 27.Bd4 Nc6 28.
Rxa8 Nxd4 29.Rc7+ Kd6 30.Rxg7 Ne2 31.Kf3 Nd4+ 32.Ke3 Nc2+ 33.Ke2 Nd4+ 34.
Kd3 e5 35.fxe5+ fxe5 36.Rg6+ Kc5 37.Rc8+ Kb5 38.Rxh6 Nf2+ 39.Kd2 Nb3+ 40.
Kc3 Nc5 41.b3 a4 42.b4 Nce4+ 43.Kb2 Nxg4 44.Re6 Nd2 45.h4 Nc4+ 46.Rxc4 
Kxc4 47.h5 1-0

[Event "1st OHRA Open"]
[Site "Amsterdam NED"]
[Date "1982.07.17"]
[Round "9"]
[White "Van Baarle, John"]
[Black "Bohm, Hans"]
[Result "1-0"]
[WhiteElo "2315"]
[BlackElo "2385"]
[EventDate "1982.07.07"]
[PlyCount "97"]

1.e4 e6 2.d4 d5 3.Nd2 Nf6 4.e5 Nfd7 5.Bd3 c5 6.c3 Nc6 7.Ne2 a5 8.O-O a4 9.
f4 cxd4 10.cxd4 g6 11.Nf3 h5 12.Bd2 Nb6 13.Qc2 Rg8 14.g3 Bd7 15.Rac1 Nb4 
16.Bxb4 Bxb4 17.b3 Rc8 18.Qb1 a3 19.h3 Rxc1 20.Qxc1 Nc8 21.g4 hxg4 22.hxg4
Na7 23.Kf2 Qc8 24.Qb1 Nb5 25.Rc1 Qd8 26.Ke3 Qa5 27.f5 gxf5 28.gxf5 Nc3 29.
Nxc3 Bxc3 30.Rg1 Rf8 31.f6 Kd8 32.Qc2 b5 33.Rg7 Be8 34.Ng5 Qb4 35.Nf3 Rh8 
36.Bh7 Qa5 37.Ng5 Qb4 38.Qd3 Bb2 39.Nf3 Bc1+ 40.Ke2 Bb2 41.Bg8 Qc3 42.Qxc3
Bxc3 43.Bxf7 Bd7 44.Rg8+ Rxg8 45.Bxg8 b4 46.f7 Ke7 47.Ng5 Bb2 48.Kd2 Bc3+ 
49.Kc2 1-0

[Event "1st OHRA Open"]
[Site "Amsterdam NED"]
[Date "1982.07.17"]
[Round "9"]
[White "Ligterink, Gert"]
[Black "Kuligowski, Adam"]
[Result "1-0"]
[WhiteElo "2465"]
[BlackElo "2450"]
[EventDate "1982.07.07"]
[PlyCount "65"]

1.Nf3 Nf6 2.c4 e6 3.d4 d5 4.Nc3 Be7 5.Bg5 h6 6.Bxf6 Bxf6 7.e3 c6 8.Qd2 Nd7
9.O-O-O a6 10.e4 dxc4 11.e5 Be7 12.Bxc4 b5 13.Bd3 Bb7 14.Kb1 Qa5 15.Qf4 b4
16.Ne4 c5 17.Nfd2 Bd5 18.Bc4 Qb6 19.Qg4 g6 20.Rhe1 Rd8 21.dxc5 Nxc5 22.
Nxc5 Bxc5 23.Bxd5 exd5 24.e6 Rd6 25.Nf3 O-O 26.Rc1 Bxf2 27.exf7+ Kg7 28.
Re8 Rd8 29.Ne5 Qf6 30.Rc6 Rd6 31.Rxf8 Qxe5 32.Rg8+ Kxf7 33.Rc7+ 1-0

[Event "1st OHRA Open"]
[Site "Amsterdam NED"]
[Date "1982.07.17"]
[Round "9"]
[White "Grunfeld, Yehuda"]
[Black "Borm, Franciscus"]
[Result "0-1"]
[WhiteElo "2480"]
[BlackElo "2330"]
[EventDate "1982.07.07"]
[PlyCount "128"]

1.d4 d5 2.Bg5 c6 3.e3 Qb6 4.Bd3 Nd7 5.Nf3 e5 6.dxe5 Qxb2 7.Nbd2 Nxe5 8.O-O
Nxd3 9.cxd3 h6 10.Bf4 Qa3 11.Qe2 Nf6 12.e4 Be7 13.e5 Nh7 14.Nb3 O-O 15.
Nfd4 Qa4 16.Qe3 c5 17.Ne2 b6 18.Qg3 Qc6 19.Bd2 d4 20.Nf4 Bg5 21.Rac1 Bxf4 
22.Bxf4 Qg6 23.Rfd1 Qxg3 24.Bxg3 Be6 25.Rc2 Rfe8 26.Nd2 Bd5 27.Nc4 Bxc4 
28.Rxc4 f6 29.f4 fxe5 30.fxe5 Ng5 31.a4 Ne6 32.Rb1 Rab8 33.Rc2 Re7 34.h4 
a6 35.Kh2 Reb7 36.Ra2 b5 37.axb5 axb5 38.Rc1 b4 39.Rb1 Rb6 40.h5 Kh7 41.
Kh3 Rc8 42.Ra4 Rcc6 43.Kg4 Ra6 44.Rxa6 Rxa6 45.Kf5 Kg8 46.Bh4 Kf7 47.Ke4 
Nc7 48.Rc1 Rc6 49.Bf2 Nb5 50.Kd5 Rc8 51.e6+ Ke8 52.Kc4 Nd6+ 53.Kd5 Nf5 54.
Ke4 Ne3 55.Bxe3 dxe3 56.Kxe3 Ke7 57.Ke4 Kxe6 58.Rc4 b3 59.Rc1 Rb8 60.Ke3 
Kd5 61.Kd2 b2 62.Rb1 Kd4 63.Kc2 Rb6 64.g4 Rb8 0-1

[Event "1st OHRA Open"]
[Site "Amsterdam NED"]
[Date "1982.07.17"]
[Round "9"]
[White "Said, Said Ahmed"]
[Black "Pliester, Leon"]
[Result "0-1"]
[WhiteElo "2395"]
[BlackElo "2300"]
[EventDate "1982.07.07"]
[PlyCount "84"]

1.d4 d5 2.c4 e6 3.Nc3 c6 4.Nf3 dxc4 5.a4 Bb4 6.e3 b5 7.Bd2 a5 8.axb5 Bxc3 
9.Bxc3 cxb5 10.b3 Bb7 11.bxc4 b4 12.Bb2 Nf6 13.Bd3 Nbd7 14.O-O O-O 15.Qc2 
Qc7 16.Ne5 Nxe5 17.dxe5 Nd7 18.Bxh7+ Kh8 19.Rfd1 g6 20.Bxg6 fxg6 21.Qxg6 
Nc5 22.Bd4 Nb3 23.Qxe6 Rg8 24.f3 a4 25.Bb2 a3 26.Rd7 Qxd7 27.Qxd7 axb2 28.
Rb1 Ra1 29.Qh3+ Kg7 30.Qg4+ Kf8 31.Qf5+ Ke8 32.Kf2 Rxb1 33.Qxb1 Nc5 34.Kf1
Na4 35.e6 Ba6 36.Kg1 Bxc4 37.Qd1 Nc5 38.Qc2 Nd3 39.Qa4+ Kf8 40.e7+ Kg7 41.
e8=N+ Kh8 42.Qd1 Ba2 0-1

[Event "1st OHRA Open"]
[Site "Amsterdam NED"]
[Date "1982.07.17"]
[Round "9"]
[White "Donner, Jan"]
[Black "Langeweg, Christian"]
[Result "0-1"]
[WhiteElo "2430"]
[BlackElo "2395"]
[EventDate "1982.07.07"]
[PlyCount "101"]

1.d4 Nf6 2.c4 e6 3.Nc3 Bb4 4.e3 b6 5.Bd3 Bb7 6.Nf3 Ne4 7.O-O f5 8.Ne2 Bd6 
9.Nd2 O-O 10.f4 Nf6 11.Ng3 Nc6 12.a3 a5 13.b3 Ne7 14.e4 fxe4 15.Ndxe4 Nxe4
16.Bxe4 Qb8 17.Qd3 Bxe4 18.Nxe4 c6 19.g3 a4 20.b4 b5 21.cxb5 cxb5 22.Nc3 
Rf5 23.d5 Nxd5 24.Nxb5 Qb6+ 25.Nd4 Rff8 26.Bb2 Rf7 27.Rae1 Raf8 28.Kh1 Qb7
29.Nf3 Bxf4 30.gxf4 Nxf4 31.Qd4 Nh5 32.Qe4 Qxe4 33.Rxe4 Rxf3 34.Rxf3 Rxf3 
35.b5 Nf4 36.Kg1 Nd5 37.Kg2 Rb3 38.Bc1 Rb1 39.Rc4 Rxb5 40.Rxa4 Rb1 41.Rc4 
Ra1 42.Kf3 Kf7 43.Ke4 h6 44.Rc2 Nb6 45.Kd4 Rb1 46.Bd2 Rb5 47.Ra2 Rh5 48.
Bb4 d6 49.Be1 Rc5 50.Kd3 Na4 51.Bb4 0-1

[Event "1st OHRA Open"]
[Site "Amsterdam NED"]
[Date "1982.07.17"]
[Round "9"]
[White "Boersma, Paulus"]
[Black "Hartoch, Robert"]
[Result "1/2-1/2"]
[WhiteElo "2355"]
[BlackElo "2390"]
[EventDate "1982.07.07"]
[PlyCount "51"]

1.d4 Nf6 2.c4 c5 3.d5 e6 4.Nc3 exd5 5.cxd5 d6 6.Nf3 g6 7.Bg5 Bg7 8.Nd2 h6 
9.Bh4 g5 10.Bg3 Nh5 11.Qa4+ Kf8 12.e4 Nxg3 13.hxg3 Nd7 14.Qc2 a6 15.a4 Ne5
16.Be2 g4 17.f4 gxf3 18.gxf3 Qg5 19.Rg1 Qe3 20.O-O-O b5 21.Rde1 Qd4 22.Nb3
Qb4 23.Na2 Qxa4 24.Nc3 Qb4 25.Na2 Qa4 26.Nc3 1/2-1/2

[Event "1st OHRA Open"]
[Site "Amsterdam NED"]
[Date "1982.07.17"]
[Round "9"]
[White "Hess, Ralf"]
[Black "Grooten, Herman"]
[Result "1/2-1/2"]
[WhiteElo "2370"]
[BlackElo "2305"]
[EventDate "1982.07.07"]
[PlyCount "120"]

1.d4 Nf6 2.c4 e6 3.Nc3 Bb4 4.Qc2 c5 5.dxc5 O-O 6.Bf4 Na6 7.e3 Nxc5 8.Ne2 
d5 9.O-O-O Nfe4 10.Nxe4 Nxe4 11.Ng3 Nf6 12.Bd3 Qa5 13.Kb1 Bd7 14.e4 Ba4 
15.b3 dxc4 16.Bxc4 Bc6 17.f3 Rfc8 18.Qe2 b5 19.Bd3 Qb6 20.Be3 Qb8 21.Bd4 
Nd7 22.f4 e5 23.fxe5 Nxe5 24.Rhf1 Be8 25.Rf5 f6 26.Qb2 Bd6 27.Rff1 Bc5 28.
Be2 Bxd4 29.Qxd4 Rd8 30.Qc5 Qb7 31.Rd5 Rac8 32.Qd4 Qc7 33.Qd2 Bc6 34.Rc1 
Qb6 35.Rxd8+ Rxd8 36.Qc3 Qd4 37.Qxd4 Rxd4 38.Bf3 g6 39.Rc5 Kf7 40.Kc2 Ke7 
41.Kc3 Rd3+ 42.Kc2 Rd8 43.Be2 Kd6 44.b4 a6 45.Kd2 Kc7+ 46.Ke3 Kb6 47.Rc1 
h5 48.h4 a5 49.bxa5+ Kxa5 50.a3 Kb6 51.Nf1 Ra8 52.Rc3 Ra4 53.Nd2 Nd7 54.
Bd1 Ra8 55.Kf4 Nc5 56.Bc2 Re8 57.Nb3 Nd7 58.Nd4 Ne5 59.Nf3 Nf7 60.a4 Nd8 
1/2-1/2